Why we've legalised theft (Record no. 65963)
[ view plain ]
| 000 -LEADER | |
|---|---|
| fixed length control field | 01700cam a2200241 4500 |
| 001 - CONTROL NUMBER | |
| control field | ABS63416 |
| 008 - FIXED-LENGTH DATA ELEMENTS--GENERAL INFORMATION | |
| fixed length control field | 000000n2001 000 0 eng u |
| 035 ## - SYSTEM CONTROL NUMBER | |
| System control number | (Sirsi) u110689 |
| 100 ## - MAIN ENTRY--PERSONAL NAME | |
| Personal name | Harris, P. |
| 245 ## - TITLE STATEMENT | |
| Title | Why we've legalised theft |
| 260 ## - PUBLICATION, DISTRIBUTION, ETC. | |
| Date of publication, distribution, etc. | 2001 |
| 490 ## - SERIES STATEMENT | |
| Series statement | Building |
| Volume/sequential designation | 266(8165) 19 January 2001, 60-61(2) |
| 520 ## - SUMMARY, ETC. | |
| Summary, etc. | Calls for reform of the Housing Grants, Construction and Regeneration Act 1996 s108(3) and of the Scheme for Construction Contracts Paragraph 23(2), which prevents the court or an arbitrator from reviewing an adjudicator's decision on an interim basis. This effectively means that an adjudicator's decision is irreversible. Consequently an unfair enrichment of one of the parties by that decision cannot be challenged unless: summary judgment is withheld; a cross-application for an accelerated trial is allowed alongside summary judgement; or summary judgment is not enforced before an accelerated trial or adjudication. Alternatively a judge could grant summary judgment but grant an application to have the award made by the adjudicator repaid to the defendant. |
| 590 ## - LOCAL NOTE (RLIN) | |
| Local note | ABS |
| 650 ## - SUBJECT ADDED ENTRY--TOPICAL TERM | |
| Topical term or geographic name entry element | MANAGEMENT-DISPUTE AVOIDANCE, MANAGEMENT AND RESOLUTION-DISPUTE MANAGEMENT AND RESOLUTION-ALTERNATIVE DISPUTE RESOLUTION-ADJUDICATION |
| 650 ## - SUBJECT ADDED ENTRY--TOPICAL TERM | |
| Topical term or geographic name entry element | MANAGEMENT-DISPUTE AVOIDANCE, MANAGEMENT AND RESOLUTION-DISPUTE MANAGEMENT AND RESOLUTION-ALTERNATIVE DISPUTE RESOLUTION-ADJUDICATION-ADJUDICATION AWARDS |
| 650 ## - SUBJECT ADDED ENTRY--TOPICAL TERM | |
| Topical term or geographic name entry element | HOUSING GRANTS CONSTRUCTION AND REGENERATION ACT 1996 S108(3) |
| 650 ## - SUBJECT ADDED ENTRY--TOPICAL TERM | |
| Topical term or geographic name entry element | SCHEME FOR CONSTRUCTION CONTRACTS PARA 23(2) |
| 650 ## - SUBJECT ADDED ENTRY--TOPICAL TERM | |
| Topical term or geographic name entry element | SUMMARY JUDGMENTS |
| 650 ## - SUBJECT ADDED ENTRY--TOPICAL TERM | |
| Topical term or geographic name entry element | UNJUST ENRICHMENT |
| 690 ## - LOCAL SUBJECT ADDED ENTRY--TOPICAL TERM (OCLC, RLIN) | |
| Topical term or geographic name as entry element | Dispute resolution |
| 9 (RLIN) | 6236 |
| 942 ## - ADDED ENTRY ELEMENTS (KOHA) | |
| Suppress in OPAC | 0 |
| Withdrawn status | Lost status | Source of classification or shelving scheme | Damaged status | Not for loan | Home library | Current library | Shelving location | Date acquired | Total Checkouts | Full call number | Barcode | Date last seen | Copy number | Price effective from | Koha item type |
|---|---|---|---|---|---|---|---|---|---|---|---|---|---|---|---|
| Dewey Decimal Classification | London | London | Journal article | 31/01/2001 | ABS63416 | 110689-1001 | 06/08/2019 | 1 | 06/08/2019 | Journal article |